Hellerstein, Kathryn: A question of tradition [Rezension]

Titel: Hellerstein, Kathryn: A question of tradition [Rezension] / Helen Beer
Verfasser:
In: ˜Theœ modern language review, Band 110, Heft 4 (2015), Seite 1179-1180
alle Artikel anzeigen
Veröffentlicht: 2015
Format: Aufsatz
Sprache: Englisch
Kein Bild verfügbar
X
alg: 36530842
001A    $04504:13-10-15 
001B    $01999:12-07-19 $t15:43:46.000 
001C    $04504:13-10-15 $t15:06:46.000 
001D    $04504:13-10-15 
001U    $0utf8 
001X    $00 
002@    $0Aou 
003@    $0365308420 
007A    $0365308420 $aHEB 
010@    $aeng 
011@    $a2015 
021A    $aHellerstein, Kathryn: A question of tradition [Rezension] $hHelen Beer 
028A    $7 $8Beer, Helen [Tnu] $9365308404 
031A    $d110 $e4 $h1179-1180 $j2015 
039B    $aIn: $8--Abvc--. The @modern language review. - London : MHRA, 1905-. - ISSN 0026-7937 $x201500001100004821 $9047201339 
039T    $8--Aau--Hellerstein, Kathryn$Z1952- [Tp3]. A @question of tradition. - Stanford : Stanford University Press, 2014. - XI, 496 S.. - ISBN 978-0-8047-5622-8 $9336541686 
045T    $aAVL $qDE-30 $2FID 
045T    $a7,12 
045T    $aLING $qDE-30 $2FID 
045V    $805.08.00$jMundartliteratur [Tkx] $9118843435 

lok: 36530842 62

exp: 36530842 62 1 #EPN
201B/01 $013-10-15 $t23:29:42.000 
203@/01 $0761816461 
208@/01 $a13-10-15 $be 
209A/01 $a/ $f000 $x00 
209B/01 $a2015 $x05 
247C/01 $8Frankfurt, Bibliographie der Deutschen Sprach- und Literaturwissenschaft $9113214561 
201U/01 $0utf8 

lok: 36530842 78

exp: 36530842 78 1 #EPN
201B/01 $024-05-18 $t16:07:26.000 
201C/01 $024-05-18 
201U/01 $0utf8 
203@/01 $01022459694 
208@/01 $a24-05-18 $be 
209A/01 $a/ $f000 $x00 
209A/01 $ab*p $x01 
220C/01 $apgar 
244Z/01 $#Generalgouvernement Polen $#Polska $#Rzeczpospolita Polska $#Polska Rzeczpospolita Ludowa $#Poland $#Pologne $#République Polonaise $#Generalne Gubernatorstwo w Polsce $#Polish People's Republic $#Polska Rzeczpospolita Polen $#PRL $#RP $#Polen Generalgouvernement $#Polska Generalgouvernement $#Besetzte Polnische Gebiete $#Besetztes Gebiet in Polen $#Okupowane Polskie Obszary $#Obszary Okupowane w Polsce $#Volksrepublik Polen $#Polska Rosyjska $#Republic Polen $#Respublika Pol'ša $#Pol'skaja Narodnaja Respublika $#République de Pologne $#Polen Links der Weichsel $#Polska po Lewej Stronie Wisły $#Lenkija $#Polija $#Gubernija Carstva Pol'skago $#Republik Polen $74046496-9 $8--Tg1--Polen $x01 $9085129801 
247C/01 $82080>Marburg/Lahn, Herder-Institut, Forschungsbibliothek, Bibliographieportal $9336309341
LEADER 00000caa a2200000 c 4500
001 365308420
003 DE-603
005 20190712154346.0
007 tu
008 151013s2015 xx |||| | u00||u|eng c
035 |a (DE-599)HEB365308420 
040 |a DE-603  |b ger  |c DE-603  |d DE-603 
041 |a eng 
084 |a AVL  |q DE-30  |2 fid 
084 |a 7,12  |2 ssgn 
084 |a LING  |q DE-30  |2 fid 
100 1 |a Beer, Helen  |0 (DE-603)365308404 
245 0 0 |a Hellerstein, Kathryn: A question of tradition [Rezension]  |c Helen Beer 
264 0 |c 2015 
773 0 8 |i In:  |t ˜Theœ modern language review  |d London : MHRA, 1905-  |x 0026-7937  |g Band 110, Heft 4 (2015), Seite 1179-1180  |w (DE-603)047201339  |w (DE-600)184111-7 
787 0 8 |i Rezension von  |a Hellerstein, Kathryn, 1952-  |t ˜Aœ question of tradition  |d Stanford : Stanford University Press, 2014  |h XI, 496 S.  |z 9780804756228  |w (DE-603)336541686 
924 0 |9 603  |a (DE-603)761816461  |b DE-603  |c HES  |d d 
924 0 |9 2080  |a (DE-603)1022459694  |b DE-2080  |c HES  |d d  |g /